| 000 | 00767nam a2200205 u 4500 | ||
|---|---|---|---|
| 001 | 000349084 | ||
| 003 | AM-YeHGA | ||
| 005 | 20250929130441.0 | ||
| 008 | 040706s1889 au |||||||||||||||||arm|d | ||
| 040 | _aAM-YeHGA | ||
| 041 | 0 |
_aarm _ager |
|
| 100 | 1 | _aԿոյլաւ, Ավետիք | |
| 245 | 1 | 0 |
_aԲառագիրք գերմաներէն-հայերէն / _cԱշխատասիրեաց՝ Ավետիք Կոյլաւ. |
| 246 | 1 | 5 | _aDeutsch-Armenisches Wörterbuch |
| 260 |
_aՎիեննա : _bՄխիթարեան տպարան, _c1889. |
||
| 300 | _a1668 էջ | ||
| 505 | 1 | 0 | _aԲոլոր գործածական բառերը, գործածական կենաց վաճառականութեան |
| 650 | 1 | 4 |
_aԳերմաներեն _xՀայերեն _vԲառագիրք |
| 942 |
_2udc _cBK |
||
| 999 |
_c133357 _d133357 |
||